000 00286nam a2200121 a 4500
008 101026s1964|||| d
100 1 _aMauriac, Fracois
245 1 0 _aThérése Desqueyrouxová
260 _bSVKL
_aBratislava
_c1964
041 _aslo
044 _axo
_cSK
020 _c7,50
999 _c12292
_d12292